| 000 | 00958nam a22002537a 4500 | ||
|---|---|---|---|
| 999 |
_c65467 _d65467 |
||
| 005 | 20240530110826.0 | ||
| 008 | 190806s2018 ua g 000 0 ara d | ||
| 017 |
_a15724 _bمصر. دار الكتب |
||
| 020 | _a9789773507312 | ||
| 040 |
_aEG-CaGPL _cEG-CaGPL |
||
| 082 | 0 | 4 |
_221 _a363.32/ _bم و |
| 100 | 0 | _aمصطفى السعداوى | |
| 245 | 1 | 2 |
_aالوسيط فى شرح قانون مكافحة الارهاب رقم 94 لسنة 2015 : _bدراسة نقدية تحليلية مقارنة / _cمصطفى السعداوى |
| 260 |
_aالقاهرة : _bدار الكتاب الحديث، _c2018. |
||
| 300 |
_a705 ص. ؛ _c24 سم. |
||
| 650 | 0 | 7 |
_2qrmak _aالارهاب |
| 650 | 0 | 7 |
_2qrmak _aالتخريب والتدمير |
| 650 | 0 | 7 |
_2qrmak _aالعنف |
| 650 | 0 | 7 |
_2qrmak _aالتمرد والعصيان |
| 651 | _2qrmak | ||
| 653 | 0 | _aالارهاب - مكافحة | |
| 942 |
_2ddc _cBK |
||